000 00216nam a2200097Ia 4500
008 240331s9999 xx 000 0 und d
082 _bHUM
100 _aJames L, . ed
245 0 _aOf human bondage :
_bnotes
942 _cL
999 _c3196
_d3196